000 00273nam a22001097a 4500
008 170117b xxu||||| |||| 00| 0 eng d
020 _a9780834207899
041 _aeng
080 _a618.2
245 _aCASE STUDIES IN NURSING CASE MANAGEMENT
_cBLANCETT, S.S
942 _2udc
_cBK
999 _c3005
_d3005